| 000 | 00646nam a22001697a 4500 | ||
|---|---|---|---|
| 999 |
_c60357 _d60357 |
||
| 003 | Ge_BSU | ||
| 005 | 20230703155616.0 | ||
| 008 | 230703s1984ge xxu||||| |||| 00| 0 geo d | ||
| 041 | _ageo | ||
| 080 | _a726.5(479.22) ა-90 | ||
| 245 |
_aატენის სიონის მოხატულობა : _bალბომი |
||
| 264 |
_aთბილისი : _b ხელოვნება, _c1984. |
||
| 300 |
_a158 გვ. : _b35 სმ. _cილ. |
||
| 653 | _aკედლის მხატვრობა | ||
| 653 | _aძველი ქართული ხელოვნების ძეგლები | ||
| 942 |
_2udc _cBK |
||